El derecho espanol en torno a la homosexualidad /

Saved in:
Bibliografiske detaljer
Hovedforfatter: Moya, Juan Carlos
Andre forfattere: De La Rosa Fernandez, Ricardo
Format: Bog
Sprog:engelsk
Udgivet: Barcelona Salvat c1999
Serier:homo
Tags: Tilføj Tag
Ingen Tags, Vær først til at tagge denne postø!

MARC

LEADER 00000nam a2200000 4500
001 CDOM0000001358
003 mi
005 20250914180352.0
008 250914b |||||||| |||| 00| 0 eng d
040 |c mi 
100 |a Moya, Juan Carlos 
245 1 |a El derecho espanol en torno a la homosexualidad /  |c Juan Carlos Moya y Ricardo de la Rosa Fernandez 
260 |a Barcelona  |b Salvat  |c c1999 
300 |a 31 p.  |c 19 cm. 
490 |a homo 
700 |a De La Rosa Fernandez, Ricardo 
942 |2 ddc  |c BK 
952 |0 0  |1 0  |2 ddc  |4 0  |6 B_SDL03MOYJUDER11  |7 0  |9 5469  |a MI  |b MI  |d 2005-09-09  |i 4633  |l 0  |o B-SDL03-MOYJU-DER11  |p CDOM4633  |r 2025-07-13 16:27:00  |w 2025-07-13  |x ACQUISTO  |y BK 
999 |c 4363  |d 4363